Нормален изглед
MARC изглед
- Каралийчев, Ангел Иванов
Вход 01. Лично име
001 - Контролен номер на записа
- Контролно поле: 76702
003 - Код на организацията, даваща контролен номер
- Контролно поле: BLK
005 - Дата и час на последна промяна на записа
- Контролно поле: 20240709142830.0
008 - Данни с фиксирана дължина – обща информация
- Данни с фиксирана дължина : 180403n| acnz|abbn | aba d
100 1# - ИМЕ НА ЛИЦЕ -ПЪРВИЧНА ИНТЕЛЕКТУАЛНА ОТГОВОРНОСТ
- Лично име: Каралийчев, Ангел Иванов
- Дати, свързани с автора: 1902-1972
372 ## - Сфера на дейност
- Сфера на дейност: Писател белетрист. Автор на приказки, разкази, стихове, учебни помагала. Автор на адаптации на литературни произведения. Преводач от руски, английски и старогръцки езици.
942 ## - Системна служебна употреба
- Koha auth type: PERSO_NAME